| 000 | 01235njm a22002777a 4500 | ||
|---|---|---|---|
| 005 | 20100909121124.0 | ||
| 007 | sd ammalaaahaa | ||
| 008 | 100909t xxu||||| |||| 00| 0 hin d | ||
| 028 |
_aN. 88383 _bHis Master's Voice |
||
| 035 | _aGR-01432 | ||
| 040 | _aSED/VEN | ||
| 100 |
_aMohd. Rafi _919120 |
||
| 245 |
_aChhupke tera raat ke daman mein aana : _bHindustani geet / _cby Mohd. Rafi ; music by Taj Ahmad ; lyric by Madhukar Rajasthani _h[sound recording] : |
||
| 246 | _aछुपके तेरा रात के दामन में आना (मोहमद रफ़ी ) | ||
| 260 |
_aDum Dum India _bHis Master's Voice _c1963 |
||
| 300 |
_a1 sound disc [Gramophone record] : _banalog, 33 1/3 rpm _c10 in. _fGramophone Record |
||
| 500 | _aBrief Record | ||
| 505 | _aTum geet ho sohlven sal ka part 2 (Mohd. Rafi) तुम गीत हो सोह्ल्वें साल का पार्ट २ (मोहमद रफ़ी ) | ||
| 650 |
_aClassical Music _xExcerpts _zIndia _919121 |
||
| 700 |
_aTaj Ahmad _919152 |
||
| 700 |
_919123 _aMadhukar Rajasthani |
||
| 700 | _919217 | ||
| 700 | _919124 | ||
| 942 |
_2ddc _cGR |
||
| 999 |
_c44896 _d44896 |
||